The American Revolution and the Habsburg Monarchy /

"This book presents the American Revolution from the perspective of the Habsburg monarchy. It reveals how, despite seeming antithetical to the American cause, the Habsburg dynasty and people in the Habsburg lands realized the opportunity unleashed by the creation of the thirteen United States o...

Full description

Bibliographic Details
Main Author: Singerton, Jonathan, 1991- (Author)
Corporate Author: JSTOR (Organization)
Format: eBook
Language:English
Published: Charlottesville : University of Virginia Press, 2021.
Series:Book collections on Project MUSE.
Subjects:
Online Access:Connect to the full text of this electronic book

MARC

Tag First Indicator Second Indicator Subfields
LEADER 00000cam a22000008i 4500
001 in00004635671
006 m o d
007 cr |||||||||||
008 211130s2022 vau ob 001 0deng
005 20230103223522.4
010 |a  2021054501 
035 |a (OCoLC)on1287197677 
040 |a DLC  |b eng  |e rda  |c DLC  |d JSTOR  |d P@U  |d OCLCF  |d OCLCO  |d YDX  |d OCLCO 
020 |a 9780813948232  |q (ebook) 
020 |a 0813948231 
020 |z 9780813948218  |q (hardcover) 
020 |z 9780813948225  |q (paperback) 
020 |a 0813948215  |q (electronic bk.) 
020 |a 0813948223  |q (electronic bk.) 
020 |a 9780813948218  |q (electronic bk.) 
020 |a 9780813948225  |q (electronic bk.) 
035 |a (OCoLC)1287197677 
037 |a 22573/ctv24xp71g  |b JSTOR 
042 |a pcc 
043 |a n-us---  |a e-au---  |a e------ 
050 0 0 |a E249.3 
082 0 0 |a 973.3/3  |2 23/eng/20211214 
049 |a TXAM 
100 1 |a Singerton, Jonathan,  |d 1991-  |e author. 
245 1 4 |a The American Revolution and the Habsburg Monarchy /  |c Jonathan Singerton. 
263 |a 2204 
264 1 |a Charlottesville :  |b University of Virginia Press,  |c 2021. 
300 |a 1 online resource. 
336 |a text  |b txt  |2 rdacontent 
337 |a computer  |b c  |2 rdamedia 
338 |a online resource  |b cr  |2 rdacarrier 
504 |a Includes bibliographical references and index. 
520 |a "This book presents the American Revolution from the perspective of the Habsburg monarchy. It reveals how, despite seeming antithetical to the American cause, the Habsburg dynasty and people in the Habsburg lands realized the opportunity unleashed by the creation of the thirteen United States of America, demonstrating the wider effects of the American Revolution beyond the standard Atlantic World and portraying the Habsburg Monarchy in a new, oceanic light"--  |c Provided by publisher. 
588 |a Description based on print version record and CIP data provided by publisher; resource not viewed. 
630 0 0 |a Habsburg, House of  |x History  |y 18th century. 
650 0 |a Public opinion  |z Austria  |x History  |y 18th century. 
651 0 |a United States  |x History  |y Revolution, 1775-1783  |x Foreign public opinion, Austrian. 
651 0 |a United States  |x History  |y Revolution, 1775-1783  |x Influence. 
651 0 |a Austria  |x Foreign relations  |z United States. 
651 0 |a United States  |x Foreign relations  |z Austria. 
651 0 |a United States  |x Foreign relations  |y 1775-1783. 
651 0 |a Austria  |x Foreign relations  |y 1780-1790. 
650 6 |a Opinion publique  |z Autriche  |x Histoire  |y 18e siècle. 
651 6 |a Autriche  |x Relations extérieures  |z États-Unis. 
651 6 |a États-Unis  |x Relations extérieures  |z Autriche. 
651 6 |a États-Unis  |x Relations extérieures  |y 1775-1783. 
651 6 |a Autriche  |x Relations extérieures  |y 1780-1790. 
650 7 |a Diplomatic relations.  |2 fast  |0 (OCoLC)fst01907412 
650 7 |a Influence (Literary, artistic, etc.)  |2 fast  |0 (OCoLC)fst00972484 
650 7 |a Public opinion.  |2 fast  |0 (OCoLC)fst01082785 
650 7 |a Public opinion, Austrian.  |2 fast  |0 (OCoLC)fst01354092 
651 7 |a Austria.  |2 fast  |0 (OCoLC)fst01204901 
651 7 |a United States.  |2 fast  |0 (OCoLC)fst01204155 
647 7 |a American Revolution  |c (United States :  |d 1775-1783)  |2 fast  |0 (OCoLC)fst01351668 
648 7 |a 1700-1799  |2 fast 
655 7 |a Electronic books.  |2 local 
655 7 |a History.  |2 fast  |0 (OCoLC)fst01411628 
710 2 |a JSTOR (Organization) 
776 0 8 |i Print version:  |a Singerton, Jonathan, 1991-  |t American Revolution and the Habsburg Monarchy  |d Charlottesville : University of Virginia Press, 2021  |z 9780813948218  |w (DLC) 2021054500 
830 0 |a Book collections on Project MUSE. 
856 4 0 |u https://www.jstor.org/stable/10.2307/j.ctv2524xbn  |z Connect to the full text of this electronic book  |t 0 
955 |a JSTOR Open Access ebooks 
994 |a 92  |b TXA 
999 f f |s 514a3af8-44fc-4e59-a403-0e6344776e84  |i 8d949f77-e035-4813-96d2-c244114484c9  |t 0 
952 f f |a Texas A&M University  |b College Station  |c Electronic Resources  |d Available Online  |t 0  |e E249.3   |h Library of Congress classification 
998 f f |a E249.3   |t 0  |l Available Online